ბათუმის შოთა რუსთაველის სახელმწიფო უნივერსიტეტის ბიბლიოთეკა

ფიტოიმუნოლოგია : (ბიბ.ჩანაწერი № 63166)

000 -ლიდერი
ფიქსირებული სიგრძის საკონტროლო ველი 00985nam a22002177a 4500
003 - საკონტროლო ნომრის იდენტიფიკატორი
საკონტროლო ველი Ge_BSU
005 - ბოლო ოპერაციის თარიღი და დრო
საკონტროლო ველი 20250616111705.0
008 - ფიქსირებული სიგრძის მონაცემთა ელემენტები - ზოგადი ინფორმაცია
ფიქსირებული სიგრძის საკონტროლო ველი 250616s2019 ge ||||| |||| 00| 0 geo d
020 ## - წიგნის საერთაშორისო სტანდარტული ნომერი
International Standard Book Number 9789941480393
041 ## - ენის კოდი
Language code of text/sound track or separate title geo
080 ## - უნივერსალური ათობითი კლასიფიკაციის ინდექსი
Universal Decimal Classification number 581.1 ყ-25
100 ## - მთავარი ჩანაწერი - პიროვნების სახელი
Personal name ყანჩაველი, ზაქარია
9 (RLIN) 25424
245 ## - ცნობა სათაურის შესახებ
Title ფიტოიმუნოლოგია :
Remainder of title [სახელმძღვანელო /
Statement of responsibility, etc ზ. ს. ყანჩაველი; რედაქტორი ზურაბ ხიდეშელი.
264 ## - წარმოების, გამოცემის, დისტრიბუციის და სხვა ცნობები
გამოცემის, წარმოების, დისტრიბუციის... ადგილი თბილისი :
გამოცემის, წარმოების, დისტრიბუციის... სახელწოდება გრიფონი,
გამოცემის, წარმოების, დისტრიბუციის... თარიღი 2019.
300 ## - ფიზიკური აღწერა
Extent 364 გვ. :
Other physical details სურ. ;
Dimensions 24 სმ.
500 ## - ზოგადი შენიშვნა
General note საძიებლები: გვ. 340-348.
504 ## - BIBLIOGRAPHY, ETC. NOTE
Bibliography, etc ბიბლიოგრაფია: გვ. 334-339.
653 ## - INDEX TERM--UNCONTROLLED
Uncontrolled term მცენარეთა იმუნიტეტი
700 ## - ADDED ENTRY--PERSONAL NAME
Personal name ხიდეშელი, ზურაბ
Relator term რედაქტორი
9 (RLIN) 25425
942 ## - ADDED ENTRY ELEMENTS (KOHA)
Source of classification or shelving scheme
Koha item type წიგნი
ეგზემპლარები
ჩამოწერის სტატუსი დაკარგული ეგზემპლარის სტატუსი კლასიფიკაციის წყარო ან თაროზე გაწყობის სქემა დაზიანების სტატუსი არ გაიცემა მუდმივი მდებარეობა (დაცვის ადგილი) ამჟამინდელი ადგილსამყოფელი თაროზე განთავსების ადგილი შეძენის თარიღი ღირებულება, შესყიდვის ნორმალური ფასი სრული შენახვის შიფრი შტრიხკოდი ბოლო ოპერაციის თარიღი ეგზემპლარის მიმდევრობითი ნომერი (კეტერი?) ფასის ძალაში შესვლის თარიღი ეგზემპლარის სახეობა საჯარო შენიშვნა
          ბათუმის შოთა რუსთაველის სახელმწიფო უნივერსიტეტის მთავარი ბიბლიოთეკა ბათუმის შოთა რუსთაველის სახელმწიფო უნივერსიტეტის მთავარი ბიბლიოთეკა წიგნსაცავი 2025-06-16 15.00 581.1 ყ-25 71825 2025-06-16 71825 2025-06-16 წიგნი 15 ლ.